| 000 | 00584nam a22002057a 4500 | ||
|---|---|---|---|
| 005 | 20230104095140.0 | ||
| 008 | 230104b ||||| |||| 00| 0 eng d | ||
| 040 | _cAL | ||
| 041 | _aeng | ||
| 082 |
_223 _a032.02 _bSACC |
||
| 100 |
_aS K Sachdeva _968320 |
||
| 245 | _aCompetition success review general knowledge encyclopedia | ||
| 260 |
_aNew Delhi _bCompetition Review Pvt Ltd _c1999 |
||
| 300 |
_a1216p. _bPB _c19x13cm |
||
| 650 |
_aOur India _968321 |
||
| 650 |
_aSports and Games _968322 |
||
| 650 |
_aWhos Who _968323 |
||
| 700 |
_aSACHDEVA (S K) _968324 |
||
| 942 |
_2ddc _cDB |
||
| 999 |
_c226202 _d226202 |
||